000 00248nam a2200109Ia 4500
008 220204s9999 xx 000 0 und d
082 _a82-3
_bWEL
100 _aWells, H G
245 0 _aWar of the worlds
260 _aLondon
_bPan
_c1976
942 _cBK
999 _c33891
_d33891